000 00931cam a22002414a 4500
005 20250605164220.0
008 250528s ||||||||||||||||||||||||d
035 _a20636
020 _a965853403
040 _aGR-AtMCL
_bgre
_dGR-AtMCL
_eAACR2
245 1 _aTrail Guide to the Body / How to Locate Muscles, Bones and More
260 _c1997
300 _a298
520 _aThis book will teach you to palpate the body's structures with ease and precision. Preface, Introduction: Tour Guide Tips, Navigating the Body, Shoulder and Arm, Forearm and Hand, Spine and Thorax, Head and Neck and Face, Pelvis and Thigh, Leg and Foot, Bibliography, Glossary, Pronunciations and Translations, Index.
700 1 _aAndrew Biel, LMP
_96596
700 1 _aBiel Andrew
_93959
700 1 _aBromley Kate
_96597
700 1 _aChandler Clint
_96598
700 1 _aGreene Laurian
_96599
942 _cBK
999 _c5725
_d5725